Every City and CDP in Kitsap County - Statistics

General Stats
  • This quiz has been taken 6 times
  • The average score is 16 of 30
Answer Stats
Population Type Answer % Correct
24,128 City Bainbridge Island
100%
44,391 City Bremerton
100%
16,732 City Port Orchard
100%
11,738 City Poulsbo
100%
21,301 CDP Silverdale
100%
4,056 CDP Bethel
67%
2,499 CDP Burley
67%
5,087 CDP East Port Orchard
67%
916 CDP Erlands Point
67%
3,468 CDP Hansville
67%
270 CDP Keyport
67%
1,997 CDP Kitsap Lake
67%
1,474 CDP Rocky Point
67%
4,251 CDP Suquamish
67%
6,407 CDP Bangor Base
33%
3,187 CDP Chico
33%
1,946 CDP Enetai
33%
2,935 CDP Erlands Point-Kitsap Lake
33%
294 CDP Gorst
33%
3,538 CDP Indianola
33%
2,912 CDP Kingston
33%
2,066 CDP Lofall
33%
5,928 CDP Manchester
33%
2,784 CDP Navy Yard City
33%
7,115 CDP Parkwood
33%
796 CDP Port Gamble Tribal Community
33%
860 CDP Seabeck
33%
2,017 CDP Southworth
33%
5,563 CDP Tracyton
33%
1,928 CDP Mabton
0%
No matching quizzes found
Score Distribution
Percent of People with Each Score
Percentile by Number Answered
Your Score History
You have not taken this quiz